Phức chất - phương pháp tổng hợp và nghiên cứu cấu trúc
Phức chất - nguyên tử trung tâm - phối tử. Phương pháp tổng hợp phức chất. Phương pháp xác định thành phần của phức chất. Phương pháp phổ hấp thụ Electron. Phương pháp phổ dao động, phổ cộng hưởng từ hạt nhân, phổ khối lượng
Đã lưu trong:
| 主要作者: | |
|---|---|
| 其他作者: | |
| 語言: | Undetermined |
| 出版: |
Hà Nội
Khoa học và Kỹ thuật
2007
|
| 主題: | |
| 標簽: |
添加標簽
沒有標簽, 成為第一個標記此記錄!
|
| Thư viện lưu trữ: | Trung tâm Học liệu Trường Đại học Trà Vinh |
|---|
| LEADER | 01034nam a2200241Ia 4500 | ||
|---|---|---|---|
| 001 | TVU_6921 | ||
| 008 | 210423s9999 xx 000 0 und d | ||
| 041 | |a Vie | ||
| 082 | |a 541.22 | ||
| 082 | |b D100 | ||
| 100 | |a Trần, Thị Đà | ||
| 245 | 0 | |a Phức chất - phương pháp tổng hợp và nghiên cứu cấu trúc | |
| 245 | 0 | |c Trần Thị Đà (chủ biên), Nguyễn Hữu Đĩnh | |
| 260 | |a Hà Nội | ||
| 260 | |b Khoa học và Kỹ thuật | ||
| 260 | |c 2007 | ||
| 300 | |a 423 tr. | ||
| 300 | |b bảng, hình vẽ | ||
| 300 | |c 27 cm | ||
| 520 | |a Phức chất - nguyên tử trung tâm - phối tử. Phương pháp tổng hợp phức chất. Phương pháp xác định thành phần của phức chất. Phương pháp phổ hấp thụ Electron. Phương pháp phổ dao động, phổ cộng hưởng từ hạt nhân, phổ khối lượng | ||
| 650 | |a Hóa học vô cơ; Inorganic compounds | ||
| 700 | |a Trần Thị Đà; Nguyễn Hữu Đĩnh | ||
| 980 | |a Trung tâm Học liệu Trường Đại học Trà Vinh | ||